| 000 | 00592nam a2200217Ia 4500 | ||
|---|---|---|---|
| 005 | 20260429112129.0 | ||
| 008 | 260429s9999||||xx |||||||||||||| ||und|| | ||
| 020 | _a9781032941622 | ||
| 041 | _aEnglish | ||
| 082 |
_a515.42 _bWHE |
||
| 100 | _aWheeden, Richard L. | ||
| 245 | 0 |
_aMeasure and integral : _ban introduction to real analysis / _cRichard L. Wheeden |
|
| 250 | _a2nd ed. | ||
| 260 |
_aBoca Raton : _bCRC Press, _c2025. |
||
| 300 | _axvii,, 514 p.; hb | ||
| 650 | _a Integral | ||
| 650 | _a Real analysis | ||
| 650 | _aMeasure | ||
| 700 | _a Zygmund, Antoni | ||
| 942 | _cTB | ||
| 999 |
_c52503 _d52503 |
||